000
00282nam a2200121Ia 4500
005
20260328104247.0
008
260328s9999||||xx |||||||||||||| ||und||
100
_a
Escala
245
0
_a
Cuadernos de Arquitecturas /
_c
Escala
260
_b
Escala
650
_a
URBANISMO
942
_c
BK
999
_c
10109
_d
10109